000 00706cam a22002293a 4500
001 10222
003 PGUSA
005 20140828083221.0
008 031101s2003||||xxu|||||s|||||000 1 eng d
040 _aPGUSA
_beng
042 _adc
050 4 _aPR
100 1 _aWebb-Peploe,
_cMrs
_q(Annie),
_d1805-1880
245 1 4 _aThe Pilgrims of New England :
_bA Tale of the Early American Settlers
_h[electronic resource] /
_cWebb-Peploe,
260 _bProject Gutenberg,
_c2003
506 _aPublic domain in the USA.
516 _aElectronic text
653 _aPilgrims (New Plymouth Colony) -- Fiction
830 0 _aProject Gutenberg
_v10222
856 4 0 _uhttp://www.gutenberg.org/ebooks/10222
942 _cEB
999 _c239477
_d239477